000 00314nam a2200121Ia 4500
005 20251222151305.0
008 251222s9999||||xx |||||||||||||| ||spa||
020 _a9786124273094
082 _a353.734/A88
245 0 _aCompendio Nacional de Estadísticas de Recursos Hídricos
250 _a1ra. ed.
942 _cLIB
999 _c23132
_d23132